Pauvrete economique et pauvrete sociale a Byzance, 4e-7e siecles

Αποθηκεύτηκε σε:
Λεπτομέρειες βιβλιογραφικής εγγραφής
Κύριος συγγραφέας: Patlagean, Evelyne
Μορφή: Βιβλίο
Γλώσσα:French
Δημοσίευση: Paris : Mouton, c1977.
Σειρά:Civilisations et societes ; 48
Θέματα:
Ετικέτες: Προσθήκη ετικέτας
Δεν υπάρχουν, Καταχωρήστε ετικέτα πρώτοι!

MARC

LEADER 00000cam a2200000 i 4500
001 1/382
008 950703s1977 fr | ||| |||| ||fre||
020 |a 2719308358 
035 |l 10014059 
040 |a GR-MyUa  |b gre  |e AACR2 
041 0 |a fre 
082 7 |a 938.302   |2 (22) 
100 1 |a Patlagean, Evelyne. 
245 1 0 |a Pauvrete economique et pauvrete sociale a Byzance, 4e-7e siecles /   |c Evelyne Patlagean. 
260 |a Paris :   |b Mouton,   |c c1977. 
300 |a xii, 483 σ., [8] φύλλα με πίνακες :   |b εικ. ;   |c 25 εκ. 
490 1 |a (Civilisations et societes ;   |v 48) 
504 |a Βιβλιογραφία: σ. 433-456. Ευρετήριο. 
651 0 |a Byzantine Empire  |x Economic conditions. 
651 0 |a Byzantine Empire  |x Social conditions. 
830 0 |a Civilisations et societes ;  |v 48 
852 |a INST  |b LESVOS  |e 19950703  |h 938.302 PAT  |p 005100005287  |q 005100005287  |t BK  |y 0